Ρετζέπ Ταγίπ Ερντογάν : ισλαμιστής, εθνικιστής και τύραννος
Αποθηκεύτηκε σε:
| Κύριος συγγραφέας: | |
|---|---|
| Άλλοι συγγραφείς: | , , , |
| Μορφή: | Βιβλίο |
| Γλώσσα: | Greek English |
| Δημοσίευση: |
Αθήνα :
Πρώτο Θέμα,
c2020.
|
| Θέματα: | |
| Ετικέτες: |
Προσθήκη ετικέτας
Δεν υπάρχουν, Καταχωρήστε ετικέτα πρώτοι!
|
MARC
| LEADER | 00000cam a2200000 a 4500 | ||
|---|---|---|---|
| 001 | 1/121990 | ||
| 008 | 200826s2020####gr | ||| |||| ||gre|| | ||
| 020 | |a 9789606352027 | ||
| 040 | |a GR-MyUa |b gre |c GR-MyUa |e AACR2 | ||
| 041 | 1 | |a gre |h eng | |
| 082 | 7 | |a 320.9561 |2 (23) | |
| 100 | 1 | |a Cagaptay, Soner. | |
| 245 | 1 | 0 | |a Ρετζέπ Ταγίπ Ερντογάν : |b ισλαμιστής, εθνικιστής και τύραννος / |c μετάφραση : Ανδρέας Κίκηρας, Κατερίνα Κολόλα, Ιωάννα Χουσιάδα ; επιμέλεια-διόρθωση : Νικόλας Βρασσάς. |
| 260 | |a Αθήνα : |b Πρώτο Θέμα, |c c2020. | ||
| 300 | |a 407 σ. ; |c 21 εκ. | ||
| 500 | |a Τίτλος πρωτοτύπου: [Recep Tayip Erdoyan : Islamist, nationalist and tyrant.]. | ||
| 600 | 1 | 4 | |a Erdogan, Recep Tayyip |d 1954- |
| 650 | 0 | |a Islam and politics |z Turkey. | |
| 651 | 0 | |a Turkey |x Politics and government |y 21st century. | |
| 651 | 0 | |a Turkey |x Foreign relations |y 21st century. | |
| 700 | 1 | |a Κίκηρας, Ανδρέας, |e trl | |
| 700 | 1 | |a Κολόκα, Κατερίνα, |e trlf | |
| 700 | 1 | |a Χουσιάδα, Ιωάννα, |e trlf | |
| 700 | 1 | |a Βρασσάς, Νικόλας, |e edt | |
| 852 | |a INST |b RHODES |e 20200826 |h 320.9561 CAG |p 005400041679 |q 005400041679 |t BK |y 0 | ||
| 920 | |a Βιβλιοθήκη Τράπεζα της Ελλάδος |y Ρόδος |z 2020-08 | ||
| 970 | |a Μαρία |b Κωτάκου |z 26-08-2020 | ||